Svetové dedičstvo UNESCO aj na pamätnej striebornej minci
V decembri 1996 bola emitovaná pamätná zlatá minca s tematikou Svetové dedičstvo UNESCO - Banská Štiavnica a technické pamiatky jej okolia. So zámerom sprístupniť mincu širšiemu okruhu záujemcov, pripravuje NBS v marci 1997 emisiu pamätnej striebornej mince s rovnakou tematikou.
Guardado en:
| Autor principal: | |
|---|---|
| Formato: | Capítulo de libro |
| Lenguaje: | eslovaco |
| Materias: | |
| Etiquetas: |
Sin Etiquetas, Sea el primero en etiquetar este registro!
|
MARC
| LEADER | 00000naa a2200000 4500 | ||
|---|---|---|---|
| 001 | r025624 | ||
| 005 | 20221130073308.0 | ||
| 041 | 0 | |a slo | |
| 044 | |a SK | ||
| 245 | 1 | 0 | |a Svetové dedičstvo UNESCO aj na pamätnej striebornej minci |c Dagmar Flaché |
| 520 | |a V decembri 1996 bola emitovaná pamätná zlatá minca s tematikou Svetové dedičstvo UNESCO - Banská Štiavnica a technické pamiatky jej okolia. So zámerom sprístupniť mincu širšiemu okruhu záujemcov, pripravuje NBS v marci 1997 emisiu pamätnej striebornej mince s rovnakou tematikou. | ||
| 610 | 2 | 0 | |a mince |
| 610 | 2 | 0 | |a emisia |
| 610 | 2 | 0 | |a NBS Bratislava |
| 610 | 2 | 0 | |a Slovensko |
| 610 | 2 | 0 | |a 1997 |
| 610 | 2 | 0 | |a Banská Štiavnica |
| 610 | 2 | 0 | |a UNESCO |
| 100 | 1 | |a Flaché, Dagmar | |